<?xml version="1.0" encoding="UTF-8"?>
<record
    xmlns:xsi="http://www.w3.org/2001/XMLSchema-instance"
    xsi:schemaLocation="http://www.loc.gov/MARC21/slim http://www.loc.gov/standards/marcxml/schema/MARC21slim.xsd"
    xmlns="http://www.loc.gov/MARC21/slim">

  <leader>00602nam a2200157Ia 4500</leader>
  <controlfield tag="008">210815s9999||||xx |||||||||||||| ||und||</controlfield>
  <datafield tag="040" ind1=" " ind2=" ">
    <subfield code="a">ID-SmMUS</subfield>
  </datafield>
  <datafield tag="084" ind1=" " ind2=" ">
    <subfield code="a">237-0384 YUW PIN.16</subfield>
  </datafield>
  <datafield tag="100" ind1=" " ind2=" ">
    <subfield code="a">Yuwelsoni</subfield>
  </datafield>
  <datafield tag="245" ind1=" " ind2="0">
    <subfield code="a">Pemanfaatan Elektronik Government Dalam Meningkatkan Disiplin Pegawai (Studi Kasus Penggunaan Absensi Elektronik di Kantor Bupati Malinau)</subfield>
  </datafield>
  <datafield tag="260" ind1=" " ind2=" ">
    <subfield code="a">Samarinda</subfield>
    <subfield code="b">Fisip Unmul</subfield>
    <subfield code="c">2016</subfield>
  </datafield>
  <datafield tag="300" ind1=" " ind2=" ">
    <subfield code="a">i-xiv + 92 hlm</subfield>
  </datafield>
  <datafield tag="650" ind1=" " ind2=" ">
    <subfield code="a">Theses (Skripsi, Tesis, Disertasi)</subfield>
    <subfield code="e">T-H-E</subfield>
    <subfield code="x">Skripsi-PIN</subfield>
    <subfield code="y">PIN-2016</subfield>
  </datafield>
  <datafield tag="700" ind1=" " ind2=" ">
    <subfield code="a">Drs. H. Gunthar Riady, M.Si &amp; Dr. Phil. I Ketut Gunawan, M.A</subfield>
  </datafield>
  <datafield tag="942" ind1=" " ind2=" ">
    <subfield code="c">THE</subfield>
  </datafield>
  <datafield tag="999" ind1=" " ind2=" ">
    <subfield code="c">9673</subfield>
    <subfield code="d">9673</subfield>
  </datafield>
  <datafield tag="952" ind1=" " ind2=" ">
    <subfield code="0">0</subfield>
    <subfield code="1">0</subfield>
    <subfield code="4">0</subfield>
    <subfield code="7">0</subfield>
    <subfield code="a">FUML</subfield>
    <subfield code="b">FUML</subfield>
    <subfield code="c">SHELF</subfield>
    <subfield code="d">2022-03-26</subfield>
    <subfield code="g">10.00</subfield>
    <subfield code="l">0</subfield>
    <subfield code="o">237-0384 YUW PIN.16</subfield>
    <subfield code="p">237038401</subfield>
    <subfield code="r">2022-03-26</subfield>
    <subfield code="t">1</subfield>
    <subfield code="w">2022-03-26</subfield>
    <subfield code="y">THE</subfield>
    <subfield code="z">Program Studi Pemerintahan Integratif</subfield>
  </datafield>
</record>
